01017cam a2200241 a 450000100100000000500170001000800410002702000150006804000230008308200180010610000590012424500920018326000320027530000280030749000590033550400330039460000470042765100640047483000670053891000340060595201210063999900150076000000679920200929154008.0870424s1984 sp a b 001 0 spa  z8427606825 aDO-SdBNPcDLCdDLC a946.07bB938m1 aBullon de Mendoza Gómez de Valugera, Alfonso.91888813aLa expedición del General Gómez /cAlfonso Bullón de Mendoza Gómez de Valugera. aMadrid :bNacional,cc1984. a444 p. :bil. ;c21 cm.1 aBiblioteca de visionarios heterodoxos y marginadosv25 aBibliografías: p. 439-444.10aGÓMEZ Y DAMAS, MIGUEL,d1785-1864918889 4aEspaña SpainxHistoriayGUERRA CARLISTA, 1833-1840918890 0aBiblioteca de visionarios heterodoxos y marginados ;v2598623 aCatalogación por copia / LC 001052708MOaGRbGRcCTd2009-09-02iLF1l0o946.07 B938mp6799-10r2020-06-25w2020-06-25y2ZPréstamo interno c6587d6587